[Event "Torneo Nuevo Centro. Jornada 7"]
[Site "Chess.com"]
[Date "2020.07.31"]
[Round "6"]
[White "Sanchis Bon, Sergi"]
[Black "Morata Briones, Carlos"]
[Result "1-0"]
[WhiteElo "982"]
[BlackElo "950"]
[PlyCount "107"]
[EventDate "2020.??.??"]

1. e4 e5 2. d3 d6 3. Nf3 f6 4. d4 Be6 5. d5 Bd7 6. g3 Be7 7. b3 g5 8. Na3 Nc6
9. Bb2 Nb4 10. Qd2 c5 11. O-O-O Nxa2+ 12. Kb1 Nb4 13. h4 Qa5 14. hxg5 fxg5 15.
Nxg5 Bxg5 16. Qxg5 a6 17. Qg7 O-O-O 18. Qxh8 Nh6 19. Qxh7 Ng4 20. Bh3 Nxf2 21.
Bxd7+ Rxd7 22. Qf5 Nxh1 23. Rxh1 Kc7 24. Rh7 Rxh7 25. Qxh7+ Kb8 26. Qd7 Qc7 27.
Qe8+ Qc8 28. Qxc8+ Kxc8 29. g4 Kd8 30. c3 Nd3 31. Nc4 Nf4 32. Nxd6 Ke7 33. Nxb7
Kf6 34. Nxc5 Kg5 35. Nd7 Nd3 36. d6 Kxg4 37. Nc5 Nxc5 38. c4 Kg5 39. Bxe5 Kg6
40. b4 Nd7 41. Bd4 Kf7 42. c5 Ke8 43. c6 Nb8 44. c7 Nc6 45. c8=Q+ Kf7 46. d7
Nxd4 47. d8=Q Kg6 48. Qd6+ Kg5 49. Qxd4 Kf4 50. Qcc5 Kg3 51. e5 Kf3 52. Qcc3+
Kg2 53. Qdd2+ Kg1 54. Qcc1# 1-0

[Event "Torneo Nuevo Centro. Jornada 7"]
[Site "Chess.com"]
[Date "2020.07.31"]
[Round "6"]
[White "Conejero Martínez, Víctor"]
[Black "Grigorev, Artur"]
[Result "0-1"]
[WhiteElo "1369"]
[BlackElo "973"]
[PlyCount "102"]
[EventDate "2020.??.??"]

1. d4 d5 2. c4 c6 3. Nc3 Nf6 4. Bg5 Bf5 5. Nf3 e6 6. e3 Nbd7 7. Bd3 Bb4 8. O-O
O-O 9. Rb1 Qb8 10. Bxf5 Bd6 11. Bd3 e5 12. dxe5 Nxe5 13. Nxe5 Bxe5 14. f4 Bxc3
15. bxc3 dxc4 16. Bxc4 Rd8 17. Qb3 Rd7 18. Bxf6 gxf6 19. Rf3 b5 20. Rg3+ Kf8
21. Bd3 Rxd3 22. Qc2 Qd6 23. Rh3 Kg7 24. Qe2 Rd8 25. Qg4+ Kf8 26. Rxh7 Rd1+ 27.
Rxd1 Qxd1+ 28. Qxd1 Rxd1+ 29. Kf2 Ke7 30. Rh8 Rh1 31. Kg3 Ra1 32. Rc8 Rxa2 33.
Rxc6 Re2 34. Kf3 Rc2 35. h4 a5 36. Rc7+ Kf8 37. g4 b4 38. Rc8+ Kg7 39. Rb8 bxc3
40. h5 a4 41. g5 fxg5 42. fxg5 a3 43. h6+ Kh7 44. Rb7 Kg6 45. Kf4 a2 46. Rb6+
f6 47. Rxf6+ Kh7 48. g6+ Kxh6 49. Ra6 Rf2+ 50. Ke4 Rf1 51. Rxa2 Rc1 0-1

[Event "Torneo Nuevo Centro. Jornada 7"]
[Site "Chess.com"]
[Date "2020.07.31"]
[Round "6"]
[White "Gracia Calvo, Andrés"]
[Black "Lloret Ramis, Juan José"]
[Result "0-1"]
[WhiteElo "1807"]
[BlackElo "2001"]
[PlyCount "124"]
[EventDate "2020.??.??"]

1. d4 d5 2. Nf3 e6 3. Bf4 Nf6 4. e3 Bd6 5. Bg3 c5 6. c3 Qc7 7. Ne5 Nbd7 8. f4
O-O 9. Nd2 b6 10. Bd3 Bb7 11. Qf3 Ne4 12. Nxe4 dxe4 13. Bxe4 Bxe4 14. Qxe4 Nf6
15. Qf3 cxd4 16. exd4 b5 17. O-O b4 18. Rac1 Qa5 19. Nc4 Qc7 20. Nxd6 Qxd6 21.
f5 Qa6 22. fxe6 fxe6 23. Qe3 Qxa2 24. Bd6 Rfe8 25. Bxb4 Nd5 26. Qf2 Nxb4 27.
cxb4 Rf8 28. Qd2 Qd5 29. Rxf8+ Rxf8 30. Rf1 Rxf1+ 31. Kxf1 Qf5+ 32. Kg1 a6 33.
Qc3 Qd5 34. Qc5 Kf7 35. Qxd5 exd5 36. Kf2 Ke6 37. Ke3 Kd6 38. Kd3 Kc6 39. Kc3
Kb5 40. b3 Kb6 41. h3 Kb5 42. g3 Kb6 43. h4 h5 44. Kc2 Kc6 45. Kc3 Kb5 46. Kd3
Kxb4 47. Kc2 a5 48. Kb2 a4 49. bxa4 Kxa4 50. Kc3 Ka3 51. Kd3 Kb3 52. Ke3 Kc3
53. Kf4 Kxd4 54. Kg5 Ke4 55. Kxh5 d4 56. Kg6 d3 57. Kxg7 d2 58. h5 d1=Q 59. h6
Qg4+ 60. Kh7 Kf5 61. Kh8 Kg6 62. h7 Qc8# 0-1

[Event "Torneo Nuevo Centro. Jornada 7"]
[Site "Chess.com"]
[Date "2020.07.31"]
[Round "6"]
[White "Méndez Giménez, Néstor Emmanuel"]
[Black "Saiz Sapena, Veronica"]
[Result "0-1"]
[WhiteElo "1182"]
[BlackElo "1540"]
[PlyCount "130"]
[EventDate "2020.??.??"]

1. e4 c6 2. Nf3 d5 3. Nc3 Bg4 4. Be2 Nf6 5. exd5 Nxd5 6. Nxd5 Qxd5 7. Nh4 Bxe2
8. Qxe2 e6 9. O-O Nd7 10. c4 Qa5 11. d3 O-O-O 12. Bd2 Qc7 13. Nf3 Nf6 14. Ng5
h6 15. Nf3 Bd6 16. d4 Bf4 17. Bxf4 Qxf4 18. Qe5 Qg4 19. d5 exd5 20. cxd5 Rxd5
21. Qg3 Qxg3 22. hxg3 Rhd8 23. Nh4 g5 24. Nf3 Ne4 25. Rfe1 f5 26. Nh2 Rd2 27.
Nf3 Rxf2 28. Rxe4 Rxb2 29. Ree1 Rc2 30. Red1 Re8 31. Nd4 Rb2 32. Re1 Rd8 33.
Nxf5 Rdd2 34. Ne3 Rxa2 35. Rxa2 Rxa2 36. Kh2 Ra5 37. Nc4 Rc5 38. Nd6+ Kc7 39.
Ne4 Re5 40. Kg1 a5 41. Kf2 b5 42. Kf3 Rf5+ 43. Kg4 Re5 44. Kh5 a4 45. Kg6 c5
46. Kf6 Rd5 47. Ke6 Rd4 48. Nxc5 Kb6 49. Re5 a3 50. Nd7+ Ka5 51. Kf5 a2 52. Re1
Rxd7 53. Ra1 Rd2 54. Ke4 Rxg2 55. Kd3 b4 56. Kc4 Ka4 57. g4 Ka3 58. Kd3 b3 59.
Kc3 b2 60. Rd1 a1=Q 61. Rd8 b1=Q+ 62. Kc4 Qc1+ 63. Kb5 Qab2+ 64. Ka5 Qc5+ 65.
Ka6 Qbb6# 0-1

[Event "Torneo Nuevo Centro. Jornada 7"]
[Site "Chess.com"]
[Date "2020.07.31"]
[Round "6"]
[White "Aguado, Pablo Luis"]
[Black "Gimeno Higueras, Roberto"]
[Result "0-1"]
[WhiteElo "1902"]
[BlackElo "2069"]
[PlyCount "122"]
[EventDate "2020.??.??"]

1. d4 Nf6 2. c4 e6 3. Nc3 Bb4 4. Bd2 b6 5. f3 d5 6. Qa4+ Bd7 7. Qxb4 Nc6 8. Qa3
dxc4 9. e3 Na5 10. Qb4 Nd5 11. Nxd5 exd5 12. Ne2 Qh4+ 13. Ng3 h5 14. Qa3 Nc6
15. b3 Nxd4 16. exd4 Qxd4 17. Qc1 O-O 18. bxc4 Rfe8+ 19. Be2 h4 20. Nf1 Qe5 21.
Qd1 dxc4 22. Ne3 c3 23. Bc1 c2 24. Nxc2 Bb5 25. Be3 Rad8 26. Qc1 Qc3+ 27. Kf2
Ba4 28. Nd4 Qa5 29. Qd2 Qh5 30. Qc3 c5 31. Nc2 h3 32. g3 Bc6 33. Rad1 Rc8 34.
Rd6 Ba8 35. Rhd1 Re7 36. Bf4 Rce8 37. Rd8 Rxe2+ 38. Kg1 Bxf3 39. Rxe8+ Rxe8 40.
Re1 Rxe1+ 41. Qxe1 Bd5 42. Qe8+ Kh7 43. Qe3 Qd1+ 44. Ne1 Bxa2 45. Qd3+ Qxd3 46.
Nxd3 c4 47. Nb4 Bb3 48. Bd2 a5 49. Nd5 a4 50. Nxb6 a3 51. Bc3 Kg6 52. Nd5 Kf5
53. Kf2 Ke4 54. Nf4 g5 55. Nxh3 Kd3 56. Ba1 f6 57. Ng1 c3 58. Bxc3 Kxc3 59.
Ne2+ Kb2 60. Ke3 a2 61. Nc3 Kxc3 0-1

[Event "Torneo Nuevo Centro. Jornada 7"]
[Site "Chess.com"]
[Date "2020.07.31"]
[Round "6"]
[White "Gil López, Alejandro"]
[Black "Bosch Jordà, Ricard"]
[Result "1/2-1/2"]
[WhiteElo "2185"]
[BlackElo "1922"]
[PlyCount "152"]
[EventDate "2020.??.??"]

1. e4 c5 2. Nf3 Nc6 3. c3 Nf6 4. e5 Nd5 5. Bc4 Nb6 6. Bb3 c4 7. Bc2 g6 8. d4
cxd3 9. Bxd3 Bg7 10. Bf4 O-O 11. O-O d5 12. exd6 exd6 13. Nbd2 Bg4 14. h3 Be6
15. Ne4 Ne5 16. Bc2 Nxf3+ 17. Qxf3 d5 18. Nc5 Qc8 19. Nd3 d4 20. Be5 dxc3 21.
bxc3 Bd5 22. Qg3 Bxe5 23. Nxe5 Nd7 24. f4 Nxe5 25. fxe5 Qc5+ 26. Kh2 Rac8 27.
Bb3 a6 28. Rac1 Bxb3 29. axb3 Rfe8 30. Rfe1 Rcd8 31. Re3 Rd2 32. Rce1 Re6 33.
b4 Qd5 34. Rf1 b6 35. Rf6 a5 36. bxa5 bxa5 37. Rff3 a4 38. Rd3 Rxd3 39. Rxd3
Qxe5 40. Rd8+ Kg7 41. Qxe5+ Rxe5 42. Ra8 Rc5 43. Rxa4 Rxc3 44. Ra6 h5 45. h4
Re3 46. g3 Re2+ 47. Kh3 Re6 48. Ra5 Kf6 49. Rb5 Re5 50. Rb6+ Kf5 51. Rb7 f6 52.
Rb1 g5 53. Rf1+ Kg6 54. hxg5 fxg5 55. Ra1 Rf5 56. Ra6+ Rf6 57. Ra5 g4+ 58. Kh4
Rf2 59. Rg5+ Kf7 60. Rxh5 Rh2+ 61. Kxg4 Ra2 62. Rf5+ Kg7 63. Kg5 Ra3 64. g4 Ra6
65. Rb5 Rg6+ 66. Kf5 Rf6+ 67. Ke4 Re6+ 68. Kf4 Rf6+ 69. Kg3 Rc6 70. g5 Kg6 71.
Re5 Rc3+ 72. Kf4 Rc4+ 73. Kf3 Rh4 74. Kg3 Rh1 75. Kg4 Rg1+ 76. Kf4 Rf1+ 1/2-1/2

[Event "Torneo Nuevo Centro. Jornada 7"]
[Site "Chess.com"]
[Date "2020.07.31"]
[Round "7"]
[White "Escalona Moncholi, Felix"]
[Black "Romera Navia, Alberto"]
[Result "1-0"]
[WhiteElo "2049"]
[BlackElo "1869"]
[PlyCount "31"]
[EventDate "2020.??.??"]

1. e4 e5 2. Nf3 Nf6 3. Nxe5 d6 4. Nf3 Nxe4 5. Nc3 Nxc3 6. dxc3 Qe7+ 7. Be3 g6
8. Be2 Bh6 9. Bxh6 Kd7 10. Bg5 f6 11. Be3 Re8 12. Qd2 Nc6 13. O-O-O Ne5 14.
Nxe5+ fxe5 15. Bg4+ Kc6 16. Qd5# 1-0

[Event "Torneo Nuevo Centro. Jornada 7"]
[Site "Chess.com"]
[Date "2020.07.31"]
[Round "7"]
[White "Grigorev, Artur"]
[Black "Birnoveanu, Petru"]
[Result "0-1"]
[WhiteElo "973"]
[BlackElo "1663"]
[PlyCount "52"]
[EventDate "2020.??.??"]

1. e4 e6 2. Nf3 d5 3. d3 dxe4 4. dxe4 Qxd1+ 5. Kxd1 Nc6 6. Nc3 Bd7 7. Bc4 Bb4
8. Bd2 Nf6 9. Ke2 O-O-O 10. Rhe1 Ng4 11. Kf1 Nce5 12. Kg1 Nxf3+ 13. gxf3 Ne5
14. f4 Nxc4 15. Rad1 Nxd2 16. Rxd2 Bxc3 17. bxc3 Bc6 18. Rxd8+ Rxd8 19. Re3 Rd2
20. Rh3 h6 21. Rg3 g6 22. Rh3 h5 23. e5 Rxc2 24. a4 Bxa4 25. c4 Bc6 26. Ra3
Rc1# 0-1

[Event "Torneo Nuevo Centro. Jornada 7"]
[Site "Chess.com"]
[Date "2020.07.31"]
[Round "7"]
[White "Alvarez Usina, Joan"]
[Black "Alvarez Usina, Jordi"]
[Result "0-1"]
[WhiteElo "600"]
[BlackElo "1309"]
[PlyCount "24"]
[EventDate "2020.??.??"]

1. d4 d5 2. Bf4 Bf5 3. e3 Nf6 4. Nf3 e6 5. g4 Bxg4 6. Nc3 Bd6 7. Nb5 Bxf4 8.
exf4 c6 9. Nc3 Qc7 10. Rg1 Qxf4 11. Rg3 Bxf3 12. Rxf3 Qxh2 0-1

[Event "Torneo Nuevo Centro. Jornada 7"]
[Site "Chess.com"]
[Date "2020.07.31"]
[Round "7"]
[White "Portillo Torrente, Manuel"]
[Black "Aymerich Rosell, Pablo"]
[Result "1-0"]
[WhiteElo "1489"]
[BlackElo "1933"]
[PlyCount "49"]
[EventDate "2020.??.??"]

1. d4 Nf6 2. Nf3 g6 3. Bf4 Bg7 4. e3 O-O 5. Be2 b6 6. Nbd2 Bb7 7. c3 Ne4 8.
Nxe4 Bxe4 9. O-O d6 10. Ng5 Bb7 11. Qc2 Nd7 12. e4 e5 13. dxe5 dxe5 14. Be3 h6
15. Nf3 Nf6 16. Rad1 Qe7 17. Bd3 Ng4 18. Bc1 f5 19. h3 fxe4 20. Bxe4 Bxe4 21.
Qxe4 Nf6 22. Qxg6 e4 23. Nd4 Nd7 24. Nf5 Qf7 25. Nxh6+ 1-0

[Event "Torneo Nuevo Centro. Jornada 7"]
[Site "Chess.com"]
[Date "2020.07.31"]
[Round "7"]
[White "Bascuñana Sánchez, Pablo"]
[Black "Zamora Soler, Raul"]
[Result "0-1"]
[WhiteElo "1666"]
[BlackElo "1871"]
[PlyCount "50"]
[EventDate "2020.??.??"]

1. e4 c5 2. Nf3 Nc6 3. d4 cxd4 4. Nxd4 Nf6 5. Nc3 e6 6. a3 Bc5 7. Be3 O-O 8. f3
d5 9. exd5 Nxd4 10. Bxd4 Bxd4 11. Qxd4 Nxd5 12. Nxd5 Qxd5 13. Qxd5 exd5 14.
O-O-O Rd8 15. c4 Be6 16. cxd5 Rac8+ 17. Kb1 Bxd5 18. Bd3 g6 19. Rd2 Bb3 20. Rc1
Ba2+ 21. Kxa2 Rxc1 22. Kb3 Kf8 23. Rc2 Rxd3+ 24. Rc3 Rcxc3+ 25. bxc3 Rd2 0-1

[Event "Torneo Nuevo Centro. Jornada 7"]
[Site "Chess.com"]
[Date "2020.07.31"]
[Round "7"]
[White "Lloret Ramis, Juan José"]
[Black "Montesinos Diaz, Luis"]
[Result "1-0"]
[WhiteElo "2005"]
[BlackElo "1812"]
[PlyCount "63"]
[EventDate "2020.??.??"]

1. c4 e5 2. Nc3 Nc6 3. Nf3 g6 4. d4 exd4 5. Nd5 Bg7 6. Bg5 f6 7. Bf4 d6 8. Nxd4
Nge7 9. e3 O-O 10. Be2 Ne5 11. O-O f5 12. Qb3 h6 13. Nxe7+ Qxe7 14. c5+ Kh7 15.
cxd6 Qxd6 16. Rfd1 Qe7 17. Nf3 Nxf3+ 18. Bxf3 c6 19. Bd6 Be6 20. Bxe7 Bxb3 21.
axb3 Rfe8 22. Bc5 b6 23. Bd4 Bxd4 24. Rxd4 Rac8 25. Rd7+ Kg8 26. Raxa7 Red8 27.
Rg7+ Kf8 28. Rh7 Kg8 29. Rag7+ Kf8 30. g4 fxg4 31. Bxg4 Ra8 32. Be6 1-0

[Event "Torneo Nuevo Centro. Jornada 7"]
[Site "Chess.com"]
[Date "2020.07.31"]
[Round "7"]
[White "Gukasov, Artem"]
[Black "Martínez Escandell, Alfonso"]
[Result "0-1"]
[WhiteElo "1524"]
[BlackElo "1783"]
[PlyCount "56"]
[EventDate "2020.??.??"]

1. e4 c5 2. Nf3 e6 3. d4 cxd4 4. Nxd4 Bc5 5. Be3 Qb6 6. b3 Nc6 7. c3 e5 8. b4
Bxd4 9. cxd4 Qxb4+ 10. Nd2 Nxd4 11. Bxd4 Qxd4 12. Rc1 Nf6 13. f3 O-O 14. Nb3
Qxd1+ 15. Rxd1 b6 16. Bc4 Bb7 17. O-O Rac8 18. Bb5 d5 19. exd5 Nxd5 20. Rfe1 f6
21. Bd3 Nc3 22. Rd2 g6 23. Be4 Bxe4 24. fxe4 Rfd8 25. Rc2 b5 26. h3 Rc4 27. Nd2
Ne2+ 28. Rxe2 Rxc2 0-1

[Event "Torneo Nuevo Centro. Jornada 7"]
[Site "Chess.com"]
[Date "2020.07.31"]
[Round "7"]
[White "Donate Moreno, Silvia"]
[Black "Beneyto de Ramon, Guillermo"]
[Result "0-1"]
[WhiteElo "1941"]
[BlackElo "1625"]
[PlyCount "54"]
[EventDate "2020.??.??"]

1. e4 Nf6 2. Nc3 e5 3. Nf3 Nc6 4. d4 exd4 5. Nxd4 Bc5 6. Nb3 Bb6 7. Bg5 h6 8.
Bh4 Ne5 9. f4 Ng6 10. Bg3 O-O 11. Qd3 d6 12. O-O-O Bg4 13. Be2 Bxe2 14. Qxe2
Re8 15. Rhe1 a5 16. Kb1 a4 17. Nc1 a3 18. b3 Ba5 19. Qd3 Bxc3 20. Qxc3 Nxe4 21.
Qf3 d5 22. f5 Ne5 23. Bxe5 Rxe5 24. Ka1 Qf6 25. Kb1 Nd2+ 26. Rxd2 Rxe1 27. Qf2
Qb2# 0-1

[Event "Torneo Nuevo Centro. Jornada 7"]
[Site "Chess.com"]
[Date "2020.07.31"]
[Round "7"]
[White "Soliva Ruiz, Ramon"]
[Black "Hernández Tomás, Efrén"]
[Result "1-0"]
[WhiteElo "1473"]
[BlackElo "1075"]
[PlyCount "53"]
[EventDate "2020.??.??"]

1. d4 d5 2. Bf4 Bf5 3. e3 Nf6 4. Nf3 e6 5. Nh4 h6 6. Nxf5 exf5 7. Nd2 Nc6 8. c3
Ne4 9. Be2 Bd6 10. Bxd6 Qxd6 11. Nxe4 fxe4 12. O-O Qg6 13. f3 O-O 14. fxe4 Qxe4
15. Rf3 Rae8 16. Bd3 Qg4 17. Qc2 Re7 18. Raf1 a6 19. a3 b5 20. Rg3 Qd7 21. Qf2
g6 22. Qf4 Kg7 23. Qf6+ Kg8 24. Rxg6+ fxg6 25. Qxf8+ Kh7 26. Rf6 Re8 27. Bxg6#
1-0

[Event "Torneo Nuevo Centro. Jornada 7"]
[Site "Chess.com"]
[Date "2020.07.31"]
[Round "7"]
[White "Perrot, Fabien"]
[Black "Miranda Calvo, Max Rodrigo"]
[Result "0-1"]
[WhiteElo "963"]
[BlackElo "1307"]
[PlyCount "52"]
[EventDate "2020.??.??"]

1. d4 d5 2. Nf3 Nc6 3. c4 e6 4. Nc3 Bb4 5. e3 Bxc3+ 6. bxc3 Nge7 7. Ba3 O-O 8.
Bd3 Re8 9. O-O dxc4 10. Bxc4 a6 11. Qc2 Ng6 12. Rab1 b5 13. Bd3 e5 14. Bxg6
hxg6 15. dxe5 Nxe5 16. Nxe5 Bf5 17. Qd1 Bxb1 18. Qxb1 Rxe5 19. Rd1 Qe8 20. Bb2
Rd8 21. c4 Re6 22. cxb5 Rxd1+ 23. Qxd1 Qxb5 24. Bd4 Rd6 25. Qc2 Rc6 26. Qd2
Qb1+ 0-1

[Event "Torneo Nuevo Centro. Jornada 7"]
[Site "Chess.com"]
[Date "2020.07.31"]
[Round "7"]
[White "Gimeno Higueras, Roberto"]
[Black "Chernikov, Vladimir"]
[Result "1-0"]
[WhiteElo "2083"]
[BlackElo "2198"]
[PlyCount "59"]
[EventDate "2020.??.??"]

1. e4 c5 2. c3 Nf6 3. e5 Nd5 4. d4 cxd4 5. Nf3 d6 6. cxd4 dxe5 7. dxe5 Nc6 8.
Bc4 Ndb4 9. Qb3 e6 10. O-O Na5 11. Qa4+ Bd7 12. Bb5 Bxb5 13. Qxb5+ Nac6 14. Nc3
Qb6 15. Be3 Qxb5 16. Nxb5 Nd5 17. Rfd1 Nxe3 18. Nc7+ Ke7 19. fxe3 Rc8 20. Nb5
f6 21. Nd6 Rc7 22. Rac1 Rd7 23. Nxb7 Rxd1+ 24. Rxd1 Nxe5 25. Nd4 g6 26. Rc1 Bh6
27. Rc7+ Ke8 28. Nd6+ Kf8 29. Nxe6+ Kg8 30. Rc8+ 1-0

[Event "Torneo Nuevo Centro. Jornada 7"]
[Site "Chess.com"]
[Date "2020.07.31"]
[Round "7"]
[White "Conejero Martínez, Víctor"]
[Black "Ursariu, Nikolas Victor"]
[Result "1-0"]
[WhiteElo "1373"]
[BlackElo "1028"]
[PlyCount "63"]
[EventDate "2020.??.??"]

1. d4 d5 2. c4 Nf6 3. Nc3 dxc4 4. e3 Bf5 5. Bxc4 Nc6 6. Nf3 e6 7. O-O Bd6 8. a3
O-O 9. Bd3 Bg6 10. Bxg6 fxg6 11. Ng5 Nd7 12. e4 Be7 13. Nxe6 Qe8 14. Nxc7 Qc8
15. Nxa8 Qxa8 16. Be3 Qb8 17. Qb3+ Kh8 18. Nd5 Bd8 19. Qc3 Qd6 20. Bf4 Rxf4 21.
Nxf4 Qxf4 22. d5 Bc7 23. g3 Qd6 24. dxc6 Qxc6 25. Qxc6 bxc6 26. Rac1 Ne5 27.
Kg2 Kg8 28. Rfd1 Kf7 29. f4 Ng4 30. Rd7+ Ke6 31. Rxc7 Kd6 32. R1xc6# 1-0

[Event "Torneo Nuevo Centro. Jornada 7"]
[Site "Chess.com"]
[Date "2020.07.31"]
[Round "7"]
[White "Vaquer Querol, Daniel"]
[Black "Gómez Alonso, Óscar"]
[Result "1/2-1/2"]
[WhiteElo "1600"]
[BlackElo "1851"]
[PlyCount "53"]
[EventDate "2020.??.??"]

1. e4 a6 2. d4 e6 3. Nf3 c5 4. c3 cxd4 5. cxd4 Bb4+ 6. Nbd2 Ne7 7. a3 Ba5 8. b4
Bb6 9. Bb2 d5 10. e5 Nbc6 11. Bd3 Nf5 12. Bxf5 exf5 13. Nb3 Be6 14. Nc5 Qc8 15.
Rc1 O-O 16. O-O Ba7 17. Ng5 h6 18. Ngxe6 fxe6 19. Qd2 Bxc5 20. dxc5 f4 21. g3
fxg3 22. fxg3 Qd7 23. Qe2 Qc7 24. Rxf8+ Rxf8 25. Rf1 Rxf1+ 26. Qxf1 Nxe5 27.
Qf4 1/2-1/2

[Event "Torneo Nuevo Centro. Jornada 7"]
[Site "Chess.com"]
[Date "2020.07.31"]
[Round "7"]
[White "Ríos Valle, Daniel"]
[Black "Fitzpatrick Dimas, Kevin"]
[Result "1-0"]
[WhiteElo "1204"]
[BlackElo "894"]
[PlyCount "59"]
[EventDate "2020.??.??"]

1. e4 e5 2. Nf3 Nc6 3. Bb5 Nf6 4. O-O d6 5. Bxc6+ bxc6 6. Re1 d5 7. d3 dxe4 8.
dxe4 Bd6 9. Bg5 O-O 10. Nc3 h6 11. Bh4 g5 12. Bg3 Qe7 13. Qd2 Rd8 14. Qe2 Bg4
15. h3 Bxf3 16. Qxf3 Rab8 17. Rab1 Bb4 18. Qe3 Bc5 19. Qf3 Rd2 20. Rbc1 Rxb2
21. Re2 Rxe2 22. Qxe2 Bb4 23. Qc4 Bxc3 24. Qxc3 Rxa2 25. Qxc6 Nxe4 26. Qxe4 Ra1
27. Qe3 Ra3 28. Qxe5 Qb4 29. c3 Qb5 30. Qxb5 1-0

[Event "Torneo Nuevo Centro. Jornada 7"]
[Site "Chess.com"]
[Date "2020.07.31"]
[Round "7"]
[White "Méndez Giménez, Néstor Emmanuel"]
[Black "Valverde Alcaide, Miguel Alejandro"]
[Result "1-0"]
[WhiteElo "1185"]
[BlackElo "877"]
[PlyCount "101"]
[EventDate "2020.??.??"]

1. e4 e5 2. Nf3 Nc6 3. d4 exd4 4. Nxd4 Qe7 5. Nxc6 Qxe4+ 6. Be2 Qxc6 7. O-O d5
8. Re1 Be7 9. Nc3 Be6 10. Bb5 Qxb5 11. Nxb5 Bd7 12. Nxc7+ Kf8 13. Nxa8 Nf6 14.
Qe2 g5 15. Qxe7+ Kg7 16. Nc7 d4 17. Bxg5 Ng8 18. Qxd7 Nf6 19. Qe7 Ng8 20. Ne6+
Kg6 21. Nf8+ Kg7 22. Qe5+ f6 23. Qc7+ Kxf8 24. Qd8+ Kg7 25. Bh4 Nh6 26. Qxf6+
Kg8 27. Qxh6 Kf7 28. Qf6+ Kg8 29. Qe5 h5 30. Qxd4 Rh6 31. Qd8+ Kg7 32. Qe7+ Kg6
33. Qf6+ Kh7 34. Bg5 Rxf6 35. Bxf6 Kg6 36. Bd8 Kf7 37. b4 Kg6 38. Rad1 Kf5 39.
Rd5+ Kg4 40. Rd7 h4 41. Rxb7 h3 42. gxh3+ Kxh3 43. Rxa7 Kg4 44. b5 Kf5 45. b6
Kf4 46. b7 Kf3 47. b8=Q Kg4 48. Ba5 Kf3 49. Re3+ Kg4 50. Qg3+ Kf5 51. Rf7# 1-0

[Event "Torneo Nuevo Centro. Jornada 7"]
[Site "Chess.com"]
[Date "2020.07.31"]
[Round "7"]
[White "Roca Cruz, Rafael"]
[Black "Soler Nadal, Jose Antonio"]
[Result "1-0"]
[WhiteElo "1813"]
[BlackElo "1554"]
[PlyCount "51"]
[EventDate "2020.??.??"]

1. d4 f5 2. e4 fxe4 3. Nc3 Nf6 4. Bg5 e6 5. Nxe4 Be7 6. Bxf6 Bxf6 7. Bd3 Bxd4
8. Nf3 Bf6 9. Qe2 O-O 10. Nxf6+ Qxf6 11. c3 Nc6 12. Qe4 g6 13. O-O d5 14. Qe3
e5 15. Bb5 e4 16. Bxc6 bxc6 17. Nd4 Bg4 18. b4 Rae8 19. Rab1 a6 20. Rb2 Qd6 21.
Nb3 Rf3 22. gxf3 Bxf3 23. Nd2 Re5 24. Nxf3 exf3 25. Qxf3 Rh5 26. Qg3 1-0

[Event "Torneo Nuevo Centro. Jornada 7"]
[Site "Chess.com"]
[Date "2020.07.31"]
[Round "7"]
[White "Gil López, Alejandro"]
[Black "Perez Garcia, Jose Miguel"]
[Result "1-0"]
[WhiteElo "2190"]
[BlackElo "2042"]
[PlyCount "105"]
[EventDate "2020.??.??"]

1. e4 c6 2. Nc3 d5 3. d4 dxe4 4. Nxe4 Bf5 5. Ng3 Bg6 6. h4 h6 7. h5 Bh7 8. Nf3
Nd7 9. Bd3 Bxd3 10. Qxd3 Ngf6 11. Bf4 e6 12. O-O-O Be7 13. Rhe1 O-O 14. Ne5 Qa5
15. Nxd7 Nxd7 16. Kb1 Qb5 17. Qxb5 cxb5 18. d5 Nc5 19. d6 Bf6 20. Ne4 Nxe4 21.
Rxe4 a6 22. g4 Rac8 23. d7 Rc6 24. Re3 Rd8 25. Red3 Kf8 26. Bd6+ Be7 27. Bg3
Bf6 28. Rd6 Ke7 29. R6d3 e5 30. f4 exf4 31. Bxf4 Re6 32. Bc7 Be5 33. Bxd8+ Kxd8
34. Rd5 Re7 35. Re1 f6 36. Red1 Bc7 37. c3 Bb6 38. Kc2 Rf7 39. Kb3 Re7 40. a4
bxa4+ 41. Kxa4 Bc7 42. b4 Re4 43. Kb3 Rxg4 44. Re1 Be5 45. Red1 b6 46. Ra1 Rg3
47. Rxa6 Rxc3+ 48. Ka2 Rc2+ 49. Kb1 Rb2+ 50. Kc1 Rxb4 51. Ra8+ Ke7 52. d8=Q+
Ke6 53. Qd7# 1-0

[Event "Torneo Nuevo Centro. Jornada 7"]
[Site "Chess.com"]
[Date "2020.07.31"]
[Round "7"]
[White "Rodriguez Rodriguez, Joan David"]
[Black "Carbonell Bofill, Carlos Eloy"]
[Result "1-0"]
[WhiteElo "1662"]
[BlackElo "1952"]
[PlyCount "65"]
[EventDate "2020.??.??"]

1. d4 d5 2. c4 c6 3. cxd5 cxd5 4. Bf4 Nf6 5. Nc3 e6 6. e3 Bd6 7. Bxd6 Qxd6 8.
f4 O-O 9. Bd3 Nc6 10. a3 Na5 11. Nf3 Nc4 12. Qe2 Ng4 13. Bxh7+ Kxh7 14. Ng5+
Kg8 15. Qxg4 f6 16. Nf3 Nxe3 17. Qg6 Nc2+ 18. Qxc2 Bd7 19. O-O Qxf4 20. Rae1
Rac8 21. Qd2 Qd6 22. Nh4 Rfe8 23. Qf4 Qb6 24. Qf2 Rc4 25. Nf3 Rec8 26. Kh1 a5
27. Rd1 a4 28. Nh4 Qd8 29. Qg3 Be8 30. Ng6 Bf7 31. h4 R8c7 32. h5 Qd6 33. Qxd6
1-0

[Event "Torneo Nuevo Centro. Jornada 7"]
[Site "Chess.com"]
[Date "2020.07.31"]
[Round "7"]
[White "Lopez Mateo, Juan Carlos"]
[Black "Sendra Tormo, Juan"]
[Result "0-1"]
[WhiteElo "2325"]
[BlackElo "2299"]
[PlyCount "72"]
[EventDate "2020.??.??"]

1. e4 c5 2. Nf3 d6 3. d4 cxd4 4. Nxd4 Nf6 5. Nc3 g6 6. Be3 Bg7 7. f3 Nc6 8. Qd2
O-O 9. Bc4 Bd7 10. Bb3 Rc8 11. O-O-O Nxd4 12. Bxd4 b5 13. Nd5 Nxd5 14. Bxg7
Kxg7 15. exd5 a5 16. a3 Kg8 17. h4 b4 18. axb4 axb4 19. h5 Bf5 20. hxg6 fxg6
21. Qxb4 Rb8 22. Qh4 Rf7 23. Rhe1 Qa5 24. Qa4 Qc5 25. g4 Bd7 26. Qxd7 Rxb3 27.
Qe8+ Rf8 28. Qxe7 Rbxf3 29. Qe6+ R8f7 30. Rf1 Kg7 31. Rxf3 Rxf3 32. Qe4 Rg3 33.
Qd4+ Qxd4 34. Rxd4 Kf6 35. c3 Ke5 36. b4 Rxc3+ 0-1

[Event "Torneo Nuevo Centro. Jornada 7"]
[Site "Chess.com"]
[Date "2020.07.31"]
[Round "7"]
[White "Granero Roca, Antonio"]
[Black "Kovacevic, Slobodan"]
[Result "1-0"]
[WhiteElo "2470"]
[BlackElo "2197"]
[PlyCount "91"]
[EventDate "2020.??.??"]

1. Nf3 c5 2. g3 b6 3. Bg2 Bb7 4. c4 Nf6 5. O-O e6 6. b3 d6 7. Bb2 Nbd7 8. Nc3
Be7 9. d3 O-O 10. e3 a6 11. Qe2 Rb8 12. Rfd1 Re8 13. h3 b5 14. Rac1 Bc6 15. d4
bxc4 16. dxc5 Nxc5 17. Qxc4 Qa5 18. Nd4 Bxg2 19. Kxg2 Rec8 20. Qe2 Qb6 21. Qf3
d5 22. Ba3 Bf8 23. Bxc5 Bxc5 24. Na4 Qd6 25. Nxc5 Rxc5 26. Rxc5 Qxc5 27. Rd2
Ne4 28. Rc2 Qd6 29. Qe2 a5 30. Rc6 Qb4 31. Qc2 g6 32. Rc7 Qe1 33. Qe2 Qb1 34.
Nc6 Rf8 35. Ne5 Qa1 36. Nd3 Qf6 37. h4 h5 38. Qf3 Qd8 39. Rc2 Qb8 40. Qf4 Qb5
41. Ne5 a4 42. Rc7 Nd6 43. Nd7 Nf5 44. Nxf8 Kxf8 45. Qe5 Kg8 46. Rc8+ 1-0

[Event "Torneo Nuevo Centro. Jornada 7"]
[Site "Chess.com"]
[Date "2020.07.31"]
[Round "7"]
[White "Vega Gutiérrez, Sabrina"]
[Black "Garcia, Jhoel"]
[Result "0-1"]
[WhiteElo "2148"]
[BlackElo "2403"]
[PlyCount "64"]
[EventDate "2020.??.??"]

1. e4 c5 2. Nf3 e6 3. d4 cxd4 4. Nxd4 Nf6 5. Nc3 d6 6. Be3 Be7 7. f4 Nbd7 8.
Qf3 a6 9. O-O-O Qc7 10. g4 Nc5 11. g5 Nfd7 12. Kb1 b5 13. Bd3 Bb7 14. Rhe1 O-O
15. h4 f5 16. gxf6 Bxf6 17. Qh3 Rae8 18. f5 Nxd3 19. cxd3 b4 20. Nce2 Nc5 21.
fxe6 Bc8 22. Nf4 b3 23. Nd5 bxa2+ 24. Ka1 Qa5 25. Nxf6+ Rxf6 26. Rg1 Bxe6 27.
Qg3 Rg6 28. Qxd6 Qb4 29. Rxg6 hxg6 30. Qc6 Rc8 31. Qd6 Nb3+ 32. Nxb3 Qxd6 0-1